Responses for Show #7465 - Friday, February 10, 2017

Contestants

[<< previous game]

Brandon Beckler, a naval officer from Honolulu, Hawaii

Sara Callori, a physics professor from Redlands, California

Kirstin Cutts, a graduate student from Austin, Texas (whose 2-day cash winnings total $25,602)

[next game >>]

Jeopardy! Round responses

MOVIE TIME
GOOD CAUSES
WEIGHTS & MEASURES
LITERATURE FOR YOUNG PEOPLE
"FEE", "FI", "FO", "FUM"
GLOBETROTTING
    $200 21
dusk

Kirstin
    $200 1
Pharrell

Kirstin
    $200 5
a ton

Brandon
    $200 12
Charlotte's Web

Brandon
    $200 4
a fumble

Sara
    $200 26
Guatemala

Triple Stumper
    $400 22
noon

Sara
    $400 2
diabetes

Sara
    $400 8
a link

Brandon
    $400 13
Gryffindor

Kirstin
    $400 17
feelers

Brandon
    $400 27
(Sara: What is Kenya?)

safari

Sara
Triple Stumper
    $600 23
[Alex reads the blank as "Which".]

Midnight

Sara
    $600 3
conservancy

Kirstin
    $1,000 9
a barometer

Brandon
    $600 14
the Little Prince

Kirstin
    $600 18
focaccia

Kirstin
    $600 28
Crater Lake

Brandon
    $800 24
[Alex reads the blank as "What".]

Twelve

Brandon
    $800 6
cancer

Sara
    $800 10
(Kirstin: What is a hammer?)

a nail

Kirstin
Triple Stumper
    $800 15
Geppetto

Brandon
    $800 19
a financial planner

Brandon
    $800 29
pagodas

Brandon
    $1000 25
[Alex reads the blank as "This".]
...
(Alex: This time, it's [*] O'Clock High.)

Three

Triple Stumper
    $1000 7
Charity Navigator

Triple Stumper
    $1000 11
a parsec

Sara
    $1000 16
Jacob Have I Loved

Kirstin
    $1000 20
foment

Kirstin
    $1000 30
the Lakes of Killarney

Triple Stumper

Scores at the first commercial break (after clue 15):

Kirstin Sara Brandon
$1,000 $2,400 $2,600

Scores at the end of the Jeopardy! Round:

Kirstin Sara Brandon
$3,800 $3,000 $6,000

Double Jeopardy! Round responses

KHAN MEN
STATE SCHOOL ALUMNI
6-LETTER WORDS
THE "EL"EMENTS
FLOWER POWER
WON'T YOU TAKE ME TO FUNKYTOWN?
    $400 26
Mahatma Gandhi

Triple Stumper
    $400 18
Maine

Sara
    $400 6
a hangar

Brandon
    $400 11
nickel

Kirstin
    $400 13
lilies

Brandon
    $400 1
(Sara: I can't resist; WON'T YOU TAKE ME TO FUNKYTOWN for $400.)

Bruno Mars

Kirstin
    $800 27
Genghis Khan

Brandon
    $800 14
the University of North Carolina

Brandon
    $800 7
a caucus

Brandon
    $800 12
(Alex: Berkeley.)

berkelium

Triple Stumper
    $800 22
chives

Kirstin
    $800 2
George Clinton

Sara
    $1200 28
Pakistan

Brandon
    $1200 15
the University of Michigan at Ann Arbor

Triple Stumper
    $1200 8
an adverb

Triple Stumper
    $1200 19
selenium

Sara
    $2,000 23
(Alex: [*]--you did that quickly. You know your flowers. Go again.)

an orchid

Kirstin
    $1200 3
Rick James

Kirstin
    $1600 29
(Kirstin: Who is Marco Polo?)
(Sara: Who is the Buddha?)

Kublai Khan

KirstinSara
Triple Stumper
    $1600 16
the University of Kentucky

Triple Stumper
    $1600 9
upsell

Kirstin
    $1,000 20
(Sara: [Shakes head] What is mendelevium?)
...
(Alex: When you think of Sweden, you should think of Alfred Nobel.)

nobelium

Sara
    $1600 24
circadian

Brandon
    $1600 4
Kool & the Gang

Triple Stumper
    $2000 30
Mongolia

Brandon
    $2000 17
(Brandon: I'll try the same category one more time, for $400.)
[Sara chuckles.]

the University of Arizona

Triple Stumper
    $2000 10
ipecac

Sara
    $2000 21
(Alex: That's a tough one--"What is [*]?")

tellurium

Triple Stumper
    $2000 25
a lupine

Kirstin
    $2000 5
"I Feel For You"

Triple Stumper

Scores at the end of the Double Jeopardy! Round:

Kirstin Sara Brandon
$10,600 $4,800 $14,000

[wagering suggestions for these scores]

Final Jeopardy! Round responses

LITERARY CHARACTERS
(Alex: In the movie, she's wearing a different dress when we first meet her.)
...
(Alex: [To Sara] The character is [*] from Gone with the Wind.)
SaraWho is Scarlet O'hara?
$4,799
KirstinWho is Scarlett O'Hara?
$5,000
BrandonWho is the Good witch?
$7,201
Scarlett O'Hara

Final scores:

Kirstin Sara Brandon
$15,600 $9,599 $6,799
3-day champion: $41,202 2nd place: $2,000 3rd place: $1,000

Game dynamics:

Coryat scores:

Kirstin Sara Brandon
$9,800 $5,800 $13,600
15 R
(including 1 DD),
2 W
10 R,
3 W
(including 1 DD)
18 R
(including 1 DD),
0 W

Combined Coryat: $29,200

[game clues] [game scores] [suggest correction]

Game tape date: 2016-11-09
The J! Archive is created by fans, for fans. Scraping, republication, monetization, and malicious use prohibited; this site may use cookies and collect identifying information. See terms. The Jeopardy! game show and all elements thereof, including but not limited to copyright and trademark thereto, are the property of Jeopardy Productions, Inc. and are protected under law. This website is not affiliated with, sponsored by, or operated by Jeopardy Productions, Inc. Join the discussion at JBoard.tv.